000 00165 a2200085 4500
041 _aspa
100 _aTan, Amy
245 _aLAa esposa del dios del fuego
942 _cBK
999 _c3817
_d3817